Las discípulas de Jesús /

Сохранить в:
Библиографические подробности
Главный автор: Tepedino, Ana María (autor)
Формат:
Язык:испанский
Опубликовано: Madrid, España : Narcea, 1994, c1994
Предметы:
Метки: Добавить метку
Нет меток, Требуется 1-ая метка записи!

MARC

LEADER 00000nam^a2200000^a^4500
001 000326858
005 20250521000000.0
009 20260310113819.829
020 |a 84-277-1076-3 
037 |a Acervo Xavier Clavigero 
041 |a ESP 
082 |a 232. 95  |b TEP 
100 |a Tepedino, Ana María  |e (autor) 
245 1 4 |a Las discípulas de Jesús /  |c A.M. Tepedino ; tr. por Pablo Manzano. 
264 4 |a Madrid, España :  |b Narcea,  |c 1994, c1994 
300 |a 186 p. 
336 |a texto  |b txt  |2 rdacontenido 
337 |a sin mediación  |b n  |2 rdamedio 
338 |a volumen  |b nc  |2 rdasoporte 
500 |a Traducción de: As discípulas de Jesus 
649 |a XX 
650 |a Mujeres -  |x Condiciones Sociales y Culturales -  |x Tema Principal 
650 |a Apóstoles -  |x Tema Principal 
650 |a Cristología 
650 |a Teología Pastoral 
650 |a Iglesia Católica 
650 |a Cristianismo 
650 |a Religión 
910 |a Fondo General 
920 |a Impresos - Libros 
930 |a Colección General 
905 |a 101 
901 |a 0500215510  |b IT1  |c ACC  |u 20250521 
902 |a https://opac.biblio.iteso.mx/vufind/Record/000326858